| 000 | 00608nam a2200193 a 4500 | ||
|---|---|---|---|
| 005 | 20140310183455.0 | ||
| 008 | 091110s19uu xx 00 eng d | ||
| 020 | _a9781416608738 | ||
| 050 |
_aLC 66 _b.Z47 2009 |
||
| 100 | _aZhao, Yong | ||
| 245 |
_aCatching up or leading the way : _bAmerican Education in the age of globalization / _cYong Zhao. |
||
| 260 |
_aAlexandrea, U.S.A : _bASCD, _c2009. |
||
| 300 |
_a229 p. : _c24 cm. |
||
| 521 | _aEDU | ||
| 650 |
_aEducation _xeconomic aspects _xUnited States. |
||
| 650 |
_aEducational leadership _xUnited States. |
||
| 942 |
_cBK _2lcc _kFOR |
||
| 999 |
_c23604 _d23604 |
||